| 000 | 01356cam a22003251i 4500 | ||
|---|---|---|---|
| 003 | SA-RiAUC | ||
| 005 | 20250913063257.0 | ||
| 008 | 250911s2001 sy g 000 0 ara c | ||
| 020 | _z6920575471 | ||
| 040 |
_aSA-RiAUC _bara _cSA-RiAUC _erda |
||
| 041 | 1 |
_aara _hund |
|
| 043 | _an-us--- | ||
| 082 | 0 | 4 |
_a210.973 _qSA-RiAUC |
| 090 |
_a210.973 _bل ا ن |
||
| 100 | 1 |
_aلانغ، جفري، _d1954- _eمؤلف. |
|
| 245 | 1 | 0 |
_aحتى الملائكة تسأل : _bرحلة إلى الإسلام في أمريكا / _cجفري لانغ ؛ تقديم مراد ويلفريد هوفمان ؛ ترجمة منذر العبسي. |
| 250 | _aالطبعة الثانية. | ||
| 264 | 1 |
_aدمشق ؛ _aبيروت : _bدار الفكر، _c2001. |
|
| 300 |
_a335 صفحة ؛ _c24 سم |
||
| 336 |
_aنص _btxt _2rdacontent _3كتاب |
||
| 337 |
_aبدون وسيط _bn _2rdamedia |
||
| 338 |
_aمجلد _bnc _2rdacarrier |
||
| 650 | 7 |
_aالمسلمون _zالولايات المتحدة الأمريكية _2aucsh |
|
| 650 | 7 |
_aالإسلام _zالولايات المتحدة الأمريكية _2aucsh |
|
| 650 | 7 |
_aالتحول إلى الإسلام _2aucsh |
|
| 700 | 1 |
_aهوفمان، مراد ويلفريد، _d1931- _eمقدم. |
|
| 700 | 1 |
_aالعبسي، منذر _eمترجم. |
|
| 942 |
_2ddc _cBOOK _n0 |
||
| 949 |
_aSA-JeALM _d250911 _umohamedma123 _n1 |
||
| 999 |
_c11672 _d11672 |
||